000 01269nam a2200361 c 4500
001 21211
003 ES-MaCES
005 20150925133418.0
008 080612s2008 sp d f 000 | spa d
017 _aM 17159-2008
_bDL
020 _a9788448168636
035 _aCES20080005768m
040 _aES-MaCES
_bspa
_cES-MaCES
100 1 _aOlcese Santoja, Aldo
_919903
245 1 0 _aManual de la empresa responsable y sostenible
_b: conceptos, ejemplos y herramientas de la responsabilidad social corporativa o de la empresa
_cAldo Olcese, Miguel Ángel Rodríguez, Juan Alfaro
260 _aAravaca (Madrid) [etc.]
_bMcGraw-Hill
_c[2008]
300 _aXIX, 362 p.
_bgráf. bl. y n.
_c24 cm
541 _cCompra
650 4 _aresponsabilidad del empleador
_930146
650 4 _aresponsabilidad social
_930590
650 4 _adesarrollo sostenible
_930785
650 4 _aorganización de la empresa
_928193
650 4 _aevaluación del impacto
_930732
650 4 _aanálisis económico
_927070
650 4 _amanual
_929264
653 1 0 _aEmpresa
650 4 _928178
_aempresa
700 1 _aRodríguez, Miguel Ángel
_922269
700 1 _aAlfaro, Juan
_95903
902 _aLIB Libro
942 _2CES
_cBK
_h0.0.
999 _c21211
_d21211